The Lawyer Revista Centroamericana

Detalles Bibliográficos
Formato: eBook
Lenguaje:español
Publicado: [s.l.] : The Lawyer. Revista Centroamericana , 2015 -
Materias:
Acceso en línea:Acceso restringido

MARC

LEADER 00000nam a22000007a 4500
005 20170523120920.0
007 cr|||| ||||
008 170523c20159999gt |||| s|||| 0|||b1spa d
035 |a 14755 
040 |a vLex 
090 |c 6683  |d 6683 
245 0 0 |a The Lawyer  |h [Recurso electrn̤ico] :  |b Revista Centroamericana 
256 |a Servicio en ln̕ea 
260 |a [s.l.] :  |b The Lawyer. Revista Centroamericana ,  |c 2015 - 
300 |a 1 recurso electrn̤ico 
362 |a Nm︢. 1 (2015) - 
506 0 |a Contenido disponible en los productos indicados  |d vLex Global  |d vLex Global (Academic Edition, excluding Law Schools)  |d vLex Global (U.S. Academic Edition, Law Schools)  |d vLex Global (U.S. Academic Edition, excluding Law Schools)  |d vLex Global (Academic Edition, Law Schools) 
650 0 4 |a Derecho  |z Guatemala 
740 0 |a vLex Revistas (Servicio en ln̕ea) 
856 4 0 |u http://vlex.com/source/the-lawyer-14755  |z Acceso restringido 
942 |c REV 
999 0 |a Law